000 00458nmm a2200157Ia 4500
008 251105s9999||||xx |||||||||||||||||und||
020 _a9789560102096
041 _aspa
100 _aLolas Stepke, Fernando
245 0 _aNuevas cavilaciones de Andrenio
264 _a[Santiago de Chile, Chile] :
_bRil editores,
_c2015
300 _a156 páginas
650 _aSpanish literature
856 _uhttps://public.digitaliapublishing.com/a/42558
942 _cCF
999 _c93704
_d93704